Musical Movies - Guess the song - Statistics

General Stats
  • This quiz has been taken 52 times
  • The average score is 18 of 30
Answer Stats
Hint Answer % Correct
The Wizard and I Wicked
90%
Shallow A Star Is Born
88%
Defying Gravity Wicked
86%
You're The One That I Want Grease
83%
Maria West Side Story
83%
Hopelessly Devoted to You Grease
81%
Summer Nights Grease
81%
We're All In This Together High School Musical
81%
This Is Me The Greatest Showman
81%
America West Side Story
71%
City of Stars La La Land
69%
A Million Dreams The Greatest Showman
69%
Popular Wicked
67%
Never Enough The Greatest Showman
64%
Stick to the Status Quo High School Musical
62%
El Tango De Roxanne Moulin Rouge!
62%
Start of Something New High School Musical
60%
Always Remember Us This Way A Star Is Born
57%
Another Day Of Sun La La Land
57%
Breaking Free High School Musical
55%
From Now On The Greatest Showman
55%
We Go Together Grease
48%
I Feel Pretty West Side Story
48%
Dancing Through Life Wicked
43%
Elephant Love Medley Moulin Rouge!
40%
Come What May Moulin Rouge!
38%
A Lovely Night La La Land
33%
Your Song Moulin Rouge!
33%
La Vie En Rose A Star Is Born
12%
Music To My Eyes A Star Is Born
12%
No matching quizzes found
Score Distribution
Percent of People with Each Score
Percentile by Number Answered
Your Score History
You have not taken this quiz